Pharmacological interaction between some antibacterials and certain commonly used drugs / (رقم التسجيلة. 177284)

تفاصيل مارك
000 -LEADER
fixed length control field 01535namaa22003251i 4500
005 - أخر تعامل مع التسجيلة
control field 20260124112525.0
008 - FIXED-LENGTH DATA ELEMENTS--GENERAL INFORMATION
fixed length control field 260101s1996 ua a|||frm||| 000 0 eng d
040 ## - CATALOGING SOURCE
Original cataloguing agency EG-GICUC
Language of cataloging eng
Transcribing agency EG-GICUC
Modifying agency EG-GICUC
Description conventions rda
041 0# - LANGUAGE CODE
Language code of text/sound track or separate title eng
Language code of summary or abstract eng
-- ara
049 ## - Acquisition Source
Acquisition Source Deposit
097 ## - Degree
Degree M.Sc
099 ## - LOCAL FREE-TEXT CALL NUMBER (OCLC)
Local Call Number Cai01.10.15.M.Sc.1996.Na.P.
100 0# - MAIN ENTRY--PERSONAL NAME
Authority record control number or standard number Nabil Mohamed Mohamed El-Mokdem,
Preparation preparation.
245 10 - TITLE STATEMENT
Title Pharmacological interaction between some antibacterials and certain commonly used drugs /
Statement of responsibility, etc. Nabil Mohamed Mohamed El-Mokdem; Supervised Prof. Dr. Mohamed Atef Ahmed Shehata, Prof. Dr. Issa Mohamed Shehata, Dr. Nehal Ali Afifi
246 15 - VARYING FORM OF TITLE
Title proper/short title التداخل الدوائى بين بعض المضادات البكتيرية وبعض الأدوية الشائعة الاستعمال
264 #0 - PRODUCTION, PUBLICATION, DISTRIBUTION, MANUFACTURE, AND COPYRIGHT NOTICE
Date of production, publication, distribution, manufacture, or copyright notice 1996.
300 ## - PHYSICAL DESCRIPTION
Extent 191 Leaves :
Other physical details illustrations ;
Dimensions 30 cm. +
336 ## - CONTENT TYPE
Source rda content
Content type term text
337 ## - MEDIA TYPE
Source rdamedia
Media type term Unmediated
338 ## - CARRIER TYPE
Source rdacarrier
Carrier type term volume
502 ## - DISSERTATION NOTE
Dissertation note أThesis (M.Sc.)-Cairo University, 1996.
504 ## - BIBLIOGRAPHY, ETC. NOTE
Bibliography, etc. note Bibliography: pages 170-191
653 #0 - INDEX TERM--UNCONTROLLED
Uncontrolled term Pharmacolog
-- Drugs
-- Antibacterials
700 0# - ADDED ENTRY--PERSONAL NAME
Personal name Mohamed Atef Ahmed Shehata
Relator term thesis advisor.
700 0# - ADDED ENTRY--PERSONAL NAME
Personal name Issa Mohamed Shehata
Relator term thesis advisor.
700 0# - ADDED ENTRY--PERSONAL NAME
Personal name Nehal Ali Afifi
Relator term thesis advisor.
900 ## - Thesis Information
Department Department of Pharmacology
Faculties Faculty of Veterinary Medicine
Universities Cairo University
Grant date 1996
Supervisory body Mohamed Atef Ahmed Shehata
-- Issa Mohamed Shehata
-- Nehal Ali Afifi
Discussion body Mohamed Atef Ahned Shehata
905 ## - Cataloger and Reviser Names
Cataloger Name Nermeen_Ahmed
Reviser Names Nourhan
942 ## - ADDED ENTRY ELEMENTS (KOHA)
Source of classification or shelving scheme Dewey Decimal Classification
Koha item type Thesis
Edition 21
Suppress in OPAC No
المقتنيات
Source of classification or shelving scheme Home library Current library Date acquired Inventory number Full call number Barcode Date last seen Effective from Koha item type
Dewey Decimal Classification المكتبة المركزبة الجديدة - جامعة القاهرة مكتبة المئوية 01.01.2026 27895 Cai01.10.15.M.Sc.1996.Na.p 01010110027895000 01.01.2026 01.01.2026 Thesis
Cairo University Libraries Portal Implemented & Customized by: Eng. M. Mohamady Contacts: new-lib@cl.cu.edu.eg | cnul@cl.cu.edu.eg
CUCL logo CNUL logo
© All rights reserved — Cairo University Libraries
CUCL logo
Implemented & Customized by: Eng. M. Mohamady Contact: new-lib@cl.cu.edu.eg © All rights reserved — New Central Library
CNUL logo
Implemented & Customized by: Eng. M. Mohamady Contact: cnul@cl.cu.edu.eg © All rights reserved — Cairo National University Library